| 000 | 00381cam a2200145ua 4500 | ||
|---|---|---|---|
| 041 |
_aeng _h |
||
| 082 |
_a828.09 _bHAY/PO |
||
| 100 | _aHay , Eliose knapp . | ||
| 245 |
_aPolitical novels of Joseph conrad / _cKnapp eliose hay. _hTextual Documents |
||
| 260 |
_aChicago : _bThe university press , _c1927. |
||
| 300 | _a350 ; . | ||
| 504 | _a | ||
| 942 | _cBK | ||
| 999 |
_c5055 _d5055 |
||